Shining Force 1 Characters - Statistics

General Stats
  • This quiz has been taken 15 times
  • The average score is 25 of 30
Answer Stats
Answer Class % Correct
Max Swordsman/Hero
100%
Adam Robot/Cyborg
89%
Amon Birdman/Sky Warrior
89%
Anri Mage/Wizard
89%
Arthur Knight/Paladin
89%
Balbaroy Birdman/Sky Warrior
89%
Diane Archer/Bow Master
89%
Domingo Magic Creature
89%
Gong Monk/Master Monk
89%
Gort Warrior/Gladiator
89%
Hans Archer/Bow Master
89%
Ken Knight/Paladin
89%
Kokichi Wing Knight/Sky Lord
89%
Lowe Healer/Vicar
89%
Luke Warrior/Gladiator
89%
Mae Knight/Paladin
89%
Pelle Knight/Paladin
89%
Tao Mage/Wizard
89%
Vankar Knight/Paladin
89%
Zylo Werewolf/Wolf Baron
89%
Alef Mage/Wizard
78%
Bleu Dragon/Great Dragon
78%
Guntz Steam Knight/Steam Baron
78%
Hanzou Ninja
78%
Jogurt Yogurt
78%
Khris Healer/Vicar
78%
Musashi Samurai
78%
Lyle Assault Knight/Strike Knight
67%
Torasu Healer/Vicar
67%
Earnest Knight/Paladin
56%
No matching quizzes found
Score Distribution
Percent of People with Each Score
Percentile by Number Answered
Your Score History
You have not taken this quiz